000 00987nam a2200277 4500
001 147956
003 ES-MaACL
005 20240516063057.0
007 t|
008 070214n19501959sp r ||||1| spa d
100 0 _aStevenson, Robert Louis,
_d1850-1894
_9108169
245 1 4 _aLas cinco mejores obras de R. L. Stevenson /
_cprólogo de José Castellano.
260 _aBarcelona :
_bMateu,
_c[195_?] (
_fImp. Ibérica)
300 _a762 p. ;
_c25 cm.
490 1 _aCinco mejores obras
500 _aContiene: La isla del tesoro ----- La flecha negra ----- Aventuras de David Balfour ----- El señor de Balantry ------ Narraciones.
700 1 _aCastellano, José.
_936504
740 0 _aLa isla del tesoro.
740 0 _aLa flecha negra.
740 0 _aAventuras de David Balfour.
740 0 _aEl señor de Balantry.
740 0 _aNarraciones.
830 0 _aCinco mejores obras
_9187121
852 _aES-MaACL
_jC-11238
_bR.39515
999 _c147956
_d147956